[Event "Double Scotch"]
[Site "SchemingMind.com"]
[Date "2006.12.16"]
[Round "-"]
[White "flyingscot"]
[Black "bartleby en passant"]
[Result "0-1"]
[WhiteCountry "SCO"]
[BlackCountry "IRL"]
[WhiteElo "1464"]
[WhiteRD "74"]
[BlackElo "1693"]
[BlackRD "84"]
[GameID "81880"]

1. e4 e5 2. Nf3 Nc6 3. d4 exd4 4. Bc4 Bc5 5. O-O d6 6. Ng5 Ne5 7. Bb3 Nf6 8. Nxf7 Nxf7 9. Re1 O-O 10. Qd3 Re8
11. Bg5 h6 12. Bxh6 gxh6 13. Qg3+ Kf8 14. Nd2 Nh5 15. Qf3 Nf6 16. h3 Be6 17. Re2 Bxb3 18. Nxb3 Qe7 19. Rae1 Ne5 20. Qg3 Qg7
21. Qf4 Qg5 22. Qxg5 hxg5 23. a3 a5 24. Nd2 d3 25. cxd3 Nxd3 26. Rb1 d5 27. Nb3 dxe4 28. Rc2 b6 29. a4 e3 30. fxe3 Bxe3+
31. Kf1 Ne4 32. g4 Nf4 33. Rxc7 Rad8 34. Rh7 Ng3+ 35. Ke1 Bg1+ 36. Re7 Rxe7#
0-1